Buddhism and deep ecology for protechtion of wild asian elephants in myanmar: a resource gurde (Record no. 9823)

000 -LEADER
fixed length control field 00298nam a22001217a 4500
040 ## - CATALOGING SOURCE
Transcribing agency SY
082 ## - DEWEY DECIMAL CLASSIFICATION NUMBER
Classification number 294
100 ## - MAIN ENTRY--AUTHOR NAME
Personal name DANIEL H
245 ## - TITLE STATEMENT
Title Buddhism and deep ecology for protechtion of wild asian elephants in myanmar: a resource gurde
260 ## - PUBLICATION, DISTRIBUTION, ETC. (IMPRINT)
Place of publication NA
Name of publisher DAN
Year of publication 2002
300 ## - PHYSICAL DESCRIPTION
Number of Pages 75p.
942 ## - ADDED ENTRY ELEMENTS (KOHA)
Koha item type សៀវភៅភាសាអង់គ្លេស
952 ## - LOCATION AND ITEM INFORMATION (KOHA)
Withdrawn status [LOCAL, KOHA] 0
Holdings
Permanent Location Date acquired Koha item type Lost status Shelving location Barcode Current Location Full call number
Library Block C2016-09-14សៀវភៅភាសាអង់គ្លេស C042A01670Library Block C294 DAN 2002 C042
មជ្ឈមណ្ឌលឯការនៃសាកលវិទ្យាល័យភូមិន្ទកសិកម្មចំការដូង

Powered by Koha